000 00285nam a2200121Ia 4500
005 20251222143227.0
008 251222s9999||||xx |||||||||||||| ||spa||
082 _a158.6/R78
100 _aRojas, Demástenes
245 0 _aHorizontes Vocacionales
264 _bTassorello
942 _cLIB
999 _c14032
_d14032